[Event "Sant Boi de Llobregat op 5th"]
[White "Zemach, Nadav"]
[Black "Kenneskog, Theodor"]
[Site "Sant Boi de Llobregat"]
[Round "10"]
[Result "1-0"]
[Date "2024.12.08"]
[WhiteElo "2414"]
[BlackElo "2275"]
[PlyCount "117"]
[EventDate "2024.11.29"]
[EventType "swiss"]
[EventRounds "10"]
[EventCountry "ESP"]
[SourceTitle "CB50_2024"]
[SourceDate "2024.11.01"]
[SourceVersion "1"]
[SourceVersionDate "2024.11.01"]
[SourceQuality "2"]

1. d4 Nf6 2. c4 e6 3. Nc3 Bb4 4. e3 0-0 5. Bd2 d5 6. Nf3 b6 7. cxd5 exd5 8. Bd3 Bd6 9. 0-0 Bb7 10. Qc2 c5 11. Rad1 Nc6 12. a3 g6 13. Qb1 Re8 14. Rfe1 Bf8 15. h3 Qd7 16. Rc1 Rad8 17. Red1 Ne4 18. Be1 Qe7 19. dxc5 bxc5 20. Bb5 a6 21. Bf1 Ne5 22. Nxe5 Qxe5 23. Nxe4 Qxe4 24. Qxe4 Rxe4 25. Be2 d4 26. Bf3 Re7 27. Rxc5 Bxf3 28. gxf3 Rxe3 29. fxe3 Bxc5 30. b4 Bb6 31. exd4 Rxd4 32. Rxd4 Bxd4+ 33. Bf2 Bc3 34. Kf1 f5 35. Ke2 Kf7 36. Kd3 Bb2 37. a4 Ke6 38. Kc4 Kd6 39. Bc5+ Kc7 40. Kd5 Ba3 41. h4 Bc1 42. Bd6+ Kd7 43. b5 axb5 44. axb5 Be3 45. Bc5 Bf4 46. Bd4 Bg3 47. Be5 Bf2 48. Bf6 h6 49. Be5 g5 50. h5 Be3 51. Bg7 g4 52. fxg4 fxg4 53. Ke4 Bd2 54. Be5 Kc8 55. Bf4 Bb4 56. Bxh6 Kb7 57. Be3 Bf8 58. Kf5 g3 59. Ke4 1-0

[Event "Sant Boi de Llobregat op 5th"]
[White "Ruiz Buendia, Miguel"]
[Black "Zemach, Nadav"]
[Site "Sant Boi de Llobregat"]
[Round "9"]
[Result "1/2-1/2"]
[Date "2024.12.07"]
[WhiteElo "2310"]
[BlackElo "2414"]
[PlyCount "67"]
[EventDate "2024.11.29"]
[EventType "swiss"]
[EventRounds "10"]
[EventCountry "ESP"]
[SourceTitle "CB50_2024"]
[SourceDate "2024.11.01"]
[SourceVersion "1"]
[SourceVersionDate "2024.11.01"]
[SourceQuality "2"]

1. e4 e5 2. Nf3 Nc6 3. Bb5 a6 4. Ba4 Nf6 5. 0-0 Be7 6. Re1 b5 7. Bb3 0-0 8. a4 Bb7 9. d3 d6 10. Bd2 Qd7 11. h3 Nd8 12. axb5 axb5 13. Rxa8 Bxa8 14. Nc3 c5 15. Nd5 Nxd5 16. exd5 f6 17. c4 Nf7 18. Qa1 Bb7 19. Qa5 b4 20. Ba4 Qd8 21. Qxd8 Bxd8 22. Bd7 Bc7 23. Ra1 Ra8 24. Rxa8+ Bxa8 25. g4 g6 26. h4 Nd8 27. h5 Kf7 28. Nh4 Bb7 29. f3 Ke7 30. hxg6 hxg6 31. Ba4 Kf7 32. Bd7 Ke7 33. Ba4 Kf7 34. Bd7 1/2-1/2

[Event "Sant Boi de Llobregat op 5th"]
[White "Zemach, Nadav"]
[Black "Quintiliano Pinto, Renato Rodrigues"]
[Site "Sant Boi de Llobregat"]
[Round "8"]
[Result "0-1"]
[Date "2024.12.06"]
[WhiteElo "2414"]
[BlackElo "2507"]
[PlyCount "144"]
[EventDate "2024.11.29"]
[EventType "swiss"]
[EventRounds "10"]
[EventCountry "ESP"]
[SourceTitle "CB50_2024"]
[SourceDate "2024.11.01"]
[SourceVersion "1"]
[SourceVersionDate "2024.11.01"]
[SourceQuality "2"]

1. d4 d5 2. c4 c6 3. Nf3 Nf6 4. e3 Bf5 5. Nc3 e6 6. Nh4 Be4 7. f3 Bg6 8. Bd2 Be7 9. Nxg6 hxg6 10. Qc2 Nbd7 11. 0-0-0 a6 12. Kb1 dxc4 13. Bxc4 b5 14. Be2 c5 15. dxc5 Nxc5 16. e4 Qc7 17. Rc1 0-0 18. g4 Rac8 19. h4 Qb7 20. a3 Rfd8 21. Rhd1 Nfd7 22. Bg5 Bxg5 23. hxg5 b4 24. axb4 Qxb4 25. Na2 Qb8 26. b4 a5 27. b5 Qe5 28. Qc3 Qxg5 29. Rc2 Ra8 30. Qd2 Qf6 31. Qe3 Na4 32. g5 Qe5 33. f4 Qb8 34. Rh1 Ndc5 35. e5 Qb7 36. Qh3 Kf8 37. Rhc1 Rac8 38. Qh8+ Ke7 39. Qxg7 Nd7 40. f5 Rxc2 41. Rxc2 Nf8 42. fxg6 Nxg6 43. Qf6+ Ke8 44. Bc4 Qe4 45. Qf1 Nxe5 46. g6 Qxg6 47. Bb3 Nc5 48. Nc1 Rd2 49. Qh3 Nxb3 50. Qxb3 Rxc2 51. Qxc2 Qxc2+ 52. Kxc2 Nc4 53. Kc3 Nd6 54. b6 Kd7 55. Nb3 Kc6 56. Nxa5+ Kxb6 57. Nb3 e5 58. Kd3 Kc6 59. Ke3 Kd5 60. Ke2 f5 61. Nd2 e4 62. Kf2 f4 63. Nf1 Nf5 64. Nh2 Nd4 65. Nf1 Ke5 66. Nh2 e3+ 67. Kg2 Kf5 68. Kg1 f3 69. Kf1 Kf4 70. Kg1 Nc2 71. Nf1 e2 72. Kh2 Ne3 0-1

[Event "Sant Boi de Llobregat op 5th"]
[White "Zielonka, Adam"]
[Black "Zemach, Nadav"]
[Site "Sant Boi de Llobregat"]
[Round "7"]
[Result "1/2-1/2"]
[Date "2024.12.05"]
[WhiteElo "2352"]
[BlackElo "2414"]
[PlyCount "47"]
[EventDate "2024.11.29"]
[EventType "swiss"]
[EventRounds "10"]
[EventCountry "ESP"]
[SourceTitle "CB50_2024"]
[SourceDate "2024.11.01"]
[SourceVersion "1"]
[SourceVersionDate "2024.11.01"]
[SourceQuality "2"]

1. e4 e5 2. Nf3 Nc6 3. Bc4 Nf6 4. d4 exd4 5. e5 Ne4 6. Qe2 Nc5 7. 0-0 Ne6 8. Bxe6 fxe6 9. Rd1 Be7 10. Nxd4 Nxd4 11. Rxd4 0-0 12. Nc3 b6 13. Rg4 Kh8 14. Ne4 d5 15. exd6 cxd6 16. Bg5 e5 17. Rg3 Bb7 18. Rd1 d5 19. Qh5 Qe8 20. Qxe8 Raxe8 21. Bxe7 Rxe7 22. Nd2 d4 23. Nb3 Kg8 24. c3 1/2-1/2

[Event "EU-ch 24th"]
[White "Djukic, Nikola"]
[Black "Zemach, Nadav"]
[Site "Petrovac"]
[Round "11"]
[Result "1-0"]
[Date "2024.11.19"]
[WhiteElo "2499"]
[BlackElo "2414"]
[PlyCount "59"]
[EventDate "2024.11.08"]
[EventType "swiss"]
[EventRounds "11"]
[EventCountry "MNE"]
[SourceTitle "CB47_2024"]
[SourceDate "2024.11.20"]
[SourceVersion "1"]
[SourceVersionDate "2024.11.20"]
[SourceQuality "1"]

1. c4 c6 2. g3 d5 3. Nf3 Nf6 4. Bg2 dxc4 5. 0-0 Nbd7 6. Na3 Nb6 7. Qc2 Be6 8. Ng5 Bg4 9. Nxc4 Bxe2 10. Ne5 Bh5 11. Re1 e6 12. g4 Bg6 13. Bxc6+ Nfd7 14. Nxe6 Bxc2 15. Nxd8 Kxd8 16. Nxf7+ Kc7 17. Bxd7 Kxd7 18. Nxh8 Bc5 19. Nf7 Rf8 20. d4 Bb4 21. Ne5+ Kd6 22. Re2 Bd1 23. Bd2 Bxd2 24. Rxd2 Ba4 25. b3 Bb5 26. a4 Be8 27. Nc4+ Kd5 28. Re1 Nxc4 29. bxc4+ Kxc4 30. Rc2+ 1-0

[Event "EU-ch 24th"]
[White "Zemach, Nadav"]
[Black "Olcum, Ahmet"]
[Site "Petrovac"]
[Round "10"]
[Result "1-0"]
[Date "2024.11.18"]
[WhiteElo "2414"]
[BlackElo "2180"]
[PlyCount "81"]
[EventDate "2024.11.08"]
[EventType "swiss"]
[EventRounds "11"]
[EventCountry "MNE"]
[SourceTitle "CB47_2024"]
[SourceDate "2024.11.20"]
[SourceVersion "1"]
[SourceVersionDate "2024.11.20"]
[SourceQuality "1"]

1. d4 d6 2. Nf3 g6 3. g3 Bg7 4. Bg2 f5 5. c4 Nf6 6. Nc3 0-0 7. 0-0 c6 8. Qb3 Na6 9. Rd1 Qe8 10. Bd2 h6 11. Rac1 Qf7 12. Be1 Ne4 13. e3 e5 14. d5 Nxc3 15. Bxc3 c5 16. Nd2 Rb8 17. f4 e4 18. Bf1 Bd7 19. Bxg7 Qxg7 20. Nb1 Nc7 21. Qa3 Kh7 22. b4 Na6 23. b5 Nb4 24. Qb3 g5 25. a3 Nd3 26. Bxd3 exd3 27. Qxd3 Be8 28. Rf1 Bh5 29. Rce1 Rbe8 30. Nc3 Bg4 31. Kg2 Qg6 32. h3 Bh5 33. Kh2 Re7 34. e4 fxe4 35. Nxe4 gxf4 36. Nf6+ Kh8 37. Qxg6 Bxg6 38. Rxe7 Rxf6 39. Rxf4 Rxf4 40. gxf4 Bd3 41. Rxb7 1-0

[Event "EU-ch 24th"]
[White "Zemach, Nadav"]
[Black "Brunello, Sabino"]
[Site "Petrovac"]
[Round "4"]
[Result "1/2-1/2"]
[Date "2024.11.11"]
[WhiteElo "2414"]
[BlackElo "2518"]
[PlyCount "81"]
[EventDate "2024.11.08"]
[EventType "swiss"]
[EventRounds "11"]
[EventCountry "MNE"]
[SourceTitle "CB47_2024"]
[SourceDate "2024.11.20"]
[SourceVersion "1"]
[SourceVersionDate "2024.11.20"]
[SourceQuality "1"]

1. d4 Nf6 2. c4 e6 3. Nc3 d5 4. cxd5 exd5 5. Bg5 Be7 6. e3 h6 7. Bh4 0-0 8. Bd3 c6 9. Nge2 Ne4 10. Bxe7 Qxe7 11. Bxe4 dxe4 12. Qc2 Bf5 13. 0-0 Nd7 14. Ng3 Bh7 15. Ngxe4 Rae8 16. f3 f5 17. Qb3+ Rf7 18. Nf2 Qxe3 19. Qxb7 Ne5 20. Qb3 Qxd4 21. Rfe1 Ree7 22. Rad1 Qb6 23. f4 Qxb3 24. axb3 Nd7 25. Nd3 Kf8 26. Rxe7 Rxe7 27. Ra1 Bg8 28. Rxa7 Bxb3 29. Nb4 Nb8 30. Ra8 Re8 31. Ra7 Re7 32. Ra8 Re8 33. h4 Bc4 34. Ra5 Be6 35. Na4 Ke7 36. Ra7+ Kf6 37. Nc5 Re7 38. Ra8 Nd7 39. Nxe6 Rxe6 40. Rc8 c5 41. Nd3 1/2-1/2

[Event "EU-ch 24th"]
[White "Zemach, Nadav"]
[Black "Gavrilescu, David"]
[Site "Petrovac"]
[Round "2"]
[Result "1/2-1/2"]
[Date "2024.11.09"]
[WhiteElo "2414"]
[BlackElo "2545"]
[PlyCount "48"]
[EventDate "2024.11.08"]
[EventType "swiss"]
[EventRounds "11"]
[EventCountry "MNE"]
[SourceTitle "CB47_2024"]
[SourceDate "2024.11.20"]
[SourceVersion "1"]
[SourceVersionDate "2024.11.20"]
[SourceQuality "1"]

1. d4 d5 2. c4 e6 3. Nc3 c5 4. cxd5 exd5 5. Nf3 Nc6 6. g3 Nf6 7. Bg2 cxd4 8. Nxd4 Bc5 9. Nb3 Bb6 10. 0-0 d4 11. Na4 0-0 12. Bg5 h6 13. Bxf6 Qxf6 14. Nxb6 axb6 15. Bxc6 bxc6 16. Qxd4 Rd8 17. Qxf6 gxf6 18. Rfc1 Be6 19. Kf1 Ra4 20. Rc3 c5 21. Ke1 Rb4 22. Rc2 Bxb3 23. axb3 Rxb3 24. Ra3 Rxa3 1/2-1/2

[Event "Ramat Gan Dov Porat Blitz op"]
[White "Kantsler, Boris"]
[Black "Zemach, Nadav"]
[Site "Ramat Gan"]
[Round "7"]
[Result "0-1"]
[Date "2024.11.01"]
[WhiteElo "2362"]
[BlackElo "2414"]
[PlyCount "91"]
[EventDate "2024.11.01"]
[EventType "swiss (blitz)"]
[EventRounds "11"]
[EventCountry "ISR"]
[SourceTitle "CB45_2024"]
[Source "ChessBase"]
[SourceDate "2024.11.06"]
[SourceVersion "1"]
[SourceVersionDate "2024.11.06"]
[SourceQuality "1"]

1. d4 d5 2. c4 e6 3. Nc3 a6 4. cxd5 exd5 5. Nf3 c6 6. Bf4 Nf6 7. e3 Bf5 8. Qb3 b5 9. Ne5 Be7 10. Be2 0-0 11. 0-0 Qb6 12. Rfc1 Rc8 13. Na4 Qd8 14. Nc5 Bxc5 15. Rxc5 Ne4 16. Rcc1 Nd2 17. Qc3 Nc4 18. Nd3 Nd7 19. b3 Ncb6 20. Nb4 c5 21. dxc5 Nxc5 22. Qd4 Ne6 23. Rxc8 Rxc8 24. Qe5 Be4 25. Nxa6 Nd7 26. Qd6 Nxf4 27. Qxf4 Qa5 28. Qd6 Nf6 29. Nb4 Qa3 30. Bxb5 h5 31. h3 h4 32. Qe7 Rb8 33. Qc5 Bf5 34. f3 Rc8 35. Qd4 Rb8 36. Qc5 Rc8 37. Qd4 Rb8 38. Qc5 Bd7 39. Bxd7 Nxd7 40. Qc7 Qxb4 41. Qxd7 Qd2 42. Kh1 Qxe3 43. Qxd5 Rc8 44. Qd1 Qf2 45. Qe1 Qb2 46. Qf1 0-1

[Event "EU-Cup 39th"]
[White "Zemach, Nadav"]
[Black "Schulze, Torben"]
[Site "Vrnjacka Banja"]
[Round "6.1"]
[Result "1-0"]
[Date "2024.10.25"]
[WhiteElo "2398"]
[BlackElo "2314"]
[PlyCount "63"]
[EventDate "2024.10.20"]
[EventType "team-swiss"]
[EventRounds "7"]
[EventCountry "SRB"]
[SourceTitle "CB44_2024"]
[Source "Chessbase"]
[SourceDate "2024.10.30"]
[SourceVersion "1"]
[SourceVersionDate "2024.10.30"]
[SourceQuality "1"]
[WhiteTeam "Rishon Le Zion II"]
[BlackTeam "Lister Turm"]
[WhiteTeamCountry "ISR"]
[BlackTeamCountry "GER"]

1. d4 Nf6 2. c4 e6 3. Nc3 c5 4. d5 exd5 5. cxd5 d6 6. e4 g6 7. Be2 Bg7 8. Nf3 0-0 9. Be3 a6 10. a4 Ng4 11. Bg5 f6 12. Bd2 Nd7 13. 0-0 b6 14. Ne1 Nge5 15. f4 Nf7 16. Nf3 f5 17. exf5 gxf5 18. Bd3 Bd4+ 19. Nxd4 cxd4 20. Ne2 Nc5 21. Rf3 Ne5 22. fxe5 dxe5 23. Bh6 Rf7 24. Bc4 Qd6 25. Qc1 Kh8 26. Nxd4 exd4 27. Qd2 Qf6 28. Re1 Bb7 29. b4 Nd7 30. Re6 Qh4 31. Rf4 Qh5 32. Be2 1-0

[Event "Jerusalem op"]
[White "Ben Ari, Yannay"]
[Black "Zemach, Nadav"]
[Site "Jerusalem"]
[Round "7"]
[Result "0-1"]
[Date "2024.09.25"]
[WhiteElo "2454"]
[BlackElo "2398"]
[PlyCount "98"]
[EventDate "2024.09.24"]
[EventType "swiss (rapid)"]
[EventRounds "9"]
[EventCountry "ISR"]
[SourceTitle "EXT 2025"]
[Source "ChessBase"]
[SourceDate "2024.10.14"]
[SourceVersion "1"]
[SourceVersionDate "2024.10.14"]
[SourceQuality "1"]

1. d4 d5 2. Nf3 Nf6 3. Bf4 c5 4. e3 Nc6 5. Nbd2 e6 6. c3 cxd4 7. exd4 Nh5 8. Be3 Bd6 9. Bd3 Nf4 10. Bxf4 Bxf4 11. 0-0 0-0 12. Re1 g6 13. a4 Bh6 14. Qe2 Bg7 15. Nf1 Re8 16. Bb5 a6 17. Bxc6 bxc6 18. Ne5 Qc7 19. Nd3 f6 20. f4 a5 21. Qf3 Rb8 22. Rab1 Qd6 23. Qg3 Rb7 24. Nd2 Rbe7 25. Nb3 Qc7 26. Nbc5 Qa7 27. b4 axb4 28. cxb4 Qb8 29. Re3 Qa7 30. Rbe1 Ba6 31. Nf2 Bc8 32. Nfd3 Ba6 33. Nf2 Bc8 34. Ng4 Qb8 35. Rb1 e5 36. fxe5 Bxg4 37. Qxg4 fxe5 38. Nd7 Qa7 39. Nc5 exd4 40. Rxe7 Qxe7 41. Rf1 Qe3+ 42. Kh1 d3 43. Qd7 d2 44. Qxc6 d1Q 45. Qxe8+ Qxe8 46. Rxd1 Qe2 47. Rb1 d4 48. a5 d3 49. Nxd3 Qxd3 0-1

[Event "Jerusalem op"]
[White "Zemach, Nadav"]
[Black "Eliagov, Kafar"]
[Site "Jerusalem"]
[Round "5"]
[Result "1-0"]
[Date "2024.09.24"]
[WhiteElo "2398"]
[BlackElo "2259"]
[PlyCount "76"]
[EventDate "2024.09.24"]
[EventType "swiss (rapid)"]
[EventRounds "9"]
[EventCountry "ISR"]
[SourceTitle "EXT 2025"]
[Source "ChessBase"]
[SourceDate "2024.10.14"]
[SourceVersion "1"]
[SourceVersionDate "2024.10.14"]
[SourceQuality "1"]

1. d4 e6 2. c4 Bb4+ 3. Nd2 Nf6 4. Ngf3 0-0 5. a3 Bxd2+ 6. Qxd2 b6 7. g3 Bb7 8. Bg2 d6 9. 0-0 Nbd7 10. b4 Ne4 11. Qc2 f5 12. Bb2 Qe7 13. Rad1 Rab8 14. Ne1 a6 15. Nd3 b5 16. c5 Bd5 17. Rfe1 Nef6 18. f3 Qf7 19. Qd2 Bc4 20. Rf1 Bxd3 21. Qxd3 d5 22. Bc1 Rbc8 23. Bf4 h6 24. a4 g5 25. Bd2 c6 26. e4 fxe4 27. fxe4 Qg6 28. Rde1 dxe4 29. Bxe4 Nxe4 30. Qxe4 Rxf1+ 31. Kxf1 Qxe4 32. Rxe4 Kf7 33. Re1 Nf6 34. axb5 axb5 35. Ra1 Rd8 36. Ra6 Rxd4 37. Ke2 Nd5 38. Rxc6 Rxb4 1-0

[Event "Dortmund Sparkassen op-A 51st"]
[White "Zemach, Nadav"]
[Black "Yoo, Christopher Woojin"]
[Site "Dortmund"]
[Round "4"]
[Result "1-0"]
[Date "2024.08.13"]
[WhiteElo "2384"]
[BlackElo "2616"]
[PlyCount "95"]
[EventDate "2024.08.10"]
[EventType "swiss"]
[EventRounds "9"]
[EventCountry "GER"]
[SourceTitle "CBM 221 Extra"]
[Source "ChessBase"]
[SourceDate "2024.09.30"]
[SourceVersion "1"]
[SourceVersionDate "2024.09.30"]
[SourceQuality "1"]

1. d4 Nf6 2. c4 g6 3. Nc3 Bg7 4. e4 d6 5. Be2 0-0 6. Be3 Nc6 7. d5 Ne5 8. f4 Neg4 9. Bd2 Nh6 10. Nf3 c6 11. a4 e6 12. dxe6 Bxe6 13. Be3 Re8 14. Qd2 Bg4 15. h3 Nxe4 16. Nxe4 Rxe4 17. hxg4 Qe7 18. Rxh6 Bxh6 19. Ra3 Re8 20. g5 Bg7 21. Kf2 Bxb2 22. Rb3 Bg7 23. Bf1 c5 24. Qc1 Qd7 25. Bd2 d5 26. cxd5 Qxd5 27. Rd3 Qc6 28. Re3 a6 29. a5 h5 30. Bd3 Ra4 31. Rxe8+ Qxe8 32. Qxc5 Qd7 33. Be2 Ra2 34. Qe3 Qd5 35. Kg3 Bf8 36. Qd3 Qe6 37. Qc4 Qg4+ 38. Kf2 Rb2 39. Bc3 Rb5 40. Ne5 Bc5+ 41. Ke1 Qe6 42. Qxe6 Rb1+ 43. Kd2 fxe6 44. Bc4 Bb4 45. Kc2 Bxc3 46. Kxb1 Kg7 47. Bxe6 Bxa5 48. Bc8 1-0

[Event "Dortmund Sparkassen op-A 51st"]
[White "Sheng, Ming"]
[Black "Zemach, Nadav"]
[Site "Dortmund"]
[Round "1"]
[Result "0-1"]
[Date "2024.08.10"]
[WhiteElo "2035"]
[BlackElo "2384"]
[PlyCount "78"]
[EventDate "2024.08.10"]
[EventType "swiss"]
[EventRounds "9"]
[EventCountry "GER"]
[SourceTitle "CBM 221 Extra"]
[Source "ChessBase"]
[SourceDate "2024.09.30"]
[SourceVersion "1"]
[SourceVersionDate "2024.09.30"]
[SourceQuality "1"]

1. e4 e5 2. Nf3 Nc6 3. Bc4 Nf6 4. d3 h6 5. 0-0 d6 6. c3 g6 7. Nbd2 Bg7 8. Re1 0-0 9. h3 Na5 10. Bb5 a6 11. Ba4 b5 12. Bc2 c5 13. d4 Nc6 14. Nf1 Bb7 15. Be3 cxd4 16. cxd4 exd4 17. Nxd4 Ne5 18. Nd2 Re8 19. f3 Rc8 20. a4 b4 21. Qe2 d5 22. f4 Nc6 23. e5 Nxd4 24. Bxd4 Nh5 25. Bxg6 fxg6 26. Qg4 Rc6 27. Rac1 Qc8 28. Rxc6 Bxc6 29. Qxg6 Nxf4 30. Qg3 Ne6 31. Be3 Kh7 32. Nf3 d4 33. Nxd4 Nxd4 34. Bxd4 Qf5 35. Rf1 Qg6 36. Qf2 Rf8 37. Qe2 Rxf1+ 38. Qxf1 Bxa4 39. Qc4 Bc6 0-1

[Event "Sardinia World op-A"]
[White "Loftgaard, Mikkel Vinh"]
[Black "Zemach, Nadav"]
[Site "Orosei"]
[Round "5"]
[Result "1/2-1/2"]
[Date "2024.04.30"]
[WhiteElo "2227"]
[BlackElo "2396"]
[PlyCount "67"]
[EventDate "2024.04.27"]
[EventType "swiss"]
[EventRounds "9"]
[EventCountry "ITA"]
[SourceTitle "CBM 220 Extra"]
[Source "ChessBase"]
[SourceDate "2024.07.31"]
[SourceVersion "1"]
[SourceVersionDate "2024.07.31"]
[SourceQuality "1"]

1. e4 e5 2. Nf3 Nc6 3. Bc4 Bc5 4. c3 Nf6 5. d3 a6 6. a4 d6 7. 0-0 Ba7 8. Re1 0-0 9. h3 h6 10. Nbd2 Re8 11. Nf1 Be6 12. Bxe6 Rxe6 13. Be3 Bxe3 14. Nxe3 d5 15. exd5 Nxd5 16. Nxd5 Qxd5 17. Qc2 Rd8 18. Re3 a5 19. Rae1 Rde8 20. Rd1 g6 21. Qc1 Kg7 22. d4 exd4 23. Rxe6 Rxe6 24. Nxd4 Rd6 25. Rd2 Qg5 26. Nf3 Qf4 27. Qc2 Ne5 28. Nd4 Nc6 29. Nf3 Re6 30. Rd7 Ne5 31. Nxe5 Rxe5 32. Qd1 Re6 33. g3 Qe5 34. Rd5 1/2-1/2

[Event "Sardinia World op-A"]
[White "Zemach, Nadav"]
[Black "Bin Suhayl, Ieysaa"]
[Site "Orosei"]
[Round "4"]
[Result "1-0"]
[Date "2024.04.30"]
[WhiteElo "2396"]
[BlackElo "2214"]
[PlyCount "201"]
[EventDate "2024.04.27"]
[EventType "swiss"]
[EventRounds "9"]
[EventCountry "ITA"]
[SourceTitle "CBM 220 Extra"]
[Source "ChessBase"]
[SourceDate "2024.07.31"]
[SourceVersion "1"]
[SourceVersionDate "2024.07.31"]
[SourceQuality "1"]

1. d4 d5 2. c4 e6 3. Nf3 Nf6 4. g3 Be7 5. Bg2 0-0 6. Nc3 dxc4 7. Ne5 Nc6 8. Bxc6 bxc6 9. Nxc6 Qe8 10. Nxe7+ Qxe7 11. Qa4 Bb7 12. 0-0 Bd5 13. b3 Qe8 14. Qa6 Qc8 15. Qxc8 Rfxc8 16. Nxd5 exd5 17. bxc4 dxc4 18. Ba3 Re8 19. e3 Nd5 20. Rfc1 c3 21. Rab1 a6 22. Bb4 Reb8 23. Ba3 f5 24. Kf1 Rb5 25. Ke2 Kf7 26. Kd3 Ke6 27. f3 Kd7 28. e4 Nf6 29. Rxb5 axb5 30. Rxc3 Re8 31. exf5 Nd5 32. Rb3 c6 33. Kd2 Ra8 34. h4 Ra4 35. Kd3 Ke8 36. g4 Kf7 37. g5 b4 38. Bb2 Rxa2 39. Kc4 Ra5 40. h5 Nb6+ 41. Kd3 Rxf5 42. Rxb4 Nd7 43. Rb7 Ke6 44. Bc1 Rxf3+ 45. Ke4 Rc3 46. Bd2 Rh3 47. Rc7 Rxh5 48. Rxc6+ Ke7 49. Ra6 h6 50. Bb4+ Kd8 51. g6 Rg5 52. Bd2 Rh5 53. Bf4 Ke8 54. Re6+ Kd8 55. Bd2 Nf8 56. Ra6 Nd7 57. Ra8+ Kc7 58. Bf4+ Kb7 59. Rh8 Nf6+ 60. Kd3 Rh4 61. Be5 Nh5 62. Rh7 Rg4 63. Bxg7 Rxg6 64. Bxh6+ Kc8 65. Kc4 Nf6 66. Rh8+ Kb7 67. Bf4 Rg7 68. Be5 Rf7 69. d5 Nd7 70. Bd6 Rg7 71. Rd8 Rh7 72. Kb5 Rf7 73. Bc5 Nxc5 74. Kxc5 Kc7 75. Rh8 Rg7 76. Rh6 Rf7 77. Ra6 Rf1 78. Ra7+ Kb8 79. Re7 Kc8 80. Kc6 Rc1+ 81. Kd6 Rd1 82. Rh7 Rd2 83. Rh8+ Kb7 84. Rg8 Rd1 85. Rg5 Rh1 86. Re5 Rh6+ 87. Kd7 Rg6 88. d6 Kb6 89. Re1 Rg7+ 90. Re7 Rg6 91. Re6 Rg7+ 92. Kd8 Rg8+ 93. Re8 Rg7 94. d7 Kb7 95. Re1 Rg8+ 96. Ke7 Rg7+ 97. Kd6 Rg6+ 98. Re6 Rg8 99. Re8 Rg6+ 100. Ke5 Rg5+ 101. Kf4 1-0

[Event "ISR-chT"]
[White "Sidorenko, Ilya"]
[Black "Zemach, Nadav"]
[Site "Israel"]
[Round "11.16"]
[Result "0-1"]
[Date "2024.03.08"]
[WhiteElo "2382"]
[BlackElo "2388"]
[PlyCount "60"]
[EventDate "2024.01.10"]
[EventType "team-tourn"]
[EventRounds "11"]
[EventCountry "ISR"]
[SourceTitle "CBM 218 Extra"]
[Source "ChessBase"]
[SourceDate "2024.03.31"]
[SourceVersion "1"]
[SourceVersionDate "2024.03.31"]
[SourceQuality "1"]
[WhiteTeam "Ramat Gan Etiod"]
[BlackTeam "Rishon Le Zion II"]
[WhiteTeamCountry "ISR"]
[BlackTeamCountry "ISR"]

1. e4 e5 2. Nf3 Nc6 3. Bb5 a6 4. Ba4 Nf6 5. 0-0 b5 6. Bb3 Bc5 7. c3 d6 8. d4 Bb6 9. a4 Rb8 10. a5 Ba7 11. h3 Bb7 12. Re1 0-0 13. Be3 Ra8 14. Nbd2 h6 15. Qb1 Re8 16. Qa2 Qd7 17. dxe5 Nxe5 18. Bxa7 Rxa7 19. Nxe5 Rxe5 20. Bc2 Ra8 21. Nf3 Re7 22. e5 dxe5 23. Nxe5 Qe8 24. f4 Nd7 25. Bg6 Nxe5 26. Rxe5 Rxe5 27. fxe5 Rd8 28. Bh5 Rd2 29. Re1 Rxg2+ 30. Kf1 Qd7 0-1

[Event "ISR-ch op"]
[White "Zemach, Nadav"]
[Black "Postny, Evgeny"]
[Site "Acre"]
[Round "7"]
[Result "0-1"]
[Date "2024.01.27"]
[WhiteElo "2384"]
[BlackElo "2597"]
[PlyCount "78"]
[EventDate "2024.01.21"]
[EventType "swiss"]
[EventRounds "9"]
[EventCountry "ISR"]
[SourceTitle "CBM 218 Extra"]
[Source "ChessBase"]
[SourceDate "2024.03.31"]
[SourceVersion "1"]
[SourceVersionDate "2024.03.31"]
[SourceQuality "1"]

1. d4 Nf6 2. c4 e6 3. g3 d5 4. Nf3 dxc4 5. Bg2 Nbd7 6. 0-0 c6 7. a4 b6 8. Nfd2 Ba6 9. Bxc6 Rc8 10. Bb5 Bb7 11. Bxc4 h5 12. Nc3 h4 13. e4 hxg3 14. hxg3 Nxe4 15. Ncxe4 Rxc4 16. Nxc4 Bxe4 17. f3 Bb7 18. Bf4 Nf6 19. a5 b5 20. a6 Bd5 21. Ne5 Bd6 22. Qd3 Qb6 23. Rfc1 Ke7 24. Rc2 g5 25. Be3 g4 26. Nc6+ Kd7 27. Ne5+ Ke7 28. Nc6+ Kf8 29. Ne5 Kg7 30. Bf2 gxf3 31. Qe3 Ne4 32. Qf4 f6 33. Qg4+ Ng5 34. Rac1 Be4 35. Rc6 Qd8 36. d5 Bxe5 37. dxe6 Bxc6 38. e7 Qd2 39. Re1 Bd7 0-1

[Event "ISR-ch op"]
[White "Zemach, Nadav"]
[Black "Zakin, Ilay"]
[Site "Acre"]
[Round "2"]
[Result "1-0"]
[Date "2024.01.22"]
[WhiteElo "2384"]
[BlackElo "2009"]
[PlyCount "49"]
[EventDate "2024.01.21"]
[EventType "swiss"]
[EventRounds "9"]
[EventCountry "ISR"]
[SourceTitle "CBM 218 Extra"]
[Source "ChessBase"]
[SourceDate "2024.03.31"]
[SourceVersion "1"]
[SourceVersionDate "2024.03.31"]
[SourceQuality "1"]

1. d4 Nf6 2. Nf3 g6 3. g3 Bg7 4. Bg2 0-0 5. c4 d6 6. Nc3 c6 7. 0-0 Qb6 8. h3 Qa6 9. b3 b5 10. Nd2 bxc4 11. Nxc4 Bb7 12. Bf4 Nfd7 13. Rc1 c5 14. Nd5 Bxd5 15. Bxd5 Nc6 16. dxc5 Nxc5 17. Nxd6 Nd4 18. Rxc5 Nxe2+ 19. Kh2 exd6 20. Rc6 Qb5 21. a4 Qa5 22. b4 Qxb4 23. Qxe2 Qxa4 24. Bxd6 Rfc8 25. Rfc1 1-0

[Event "ISR-ch op"]
[White "Paskal, Ehud"]
[Black "Zemach, Nadav"]
[Site "Acre"]
[Round "1"]
[Result "0-1"]
[Date "2024.01.21"]
[WhiteElo "1582"]
[BlackElo "2384"]
[PlyCount "50"]
[EventDate "2024.01.21"]
[EventType "swiss"]
[EventRounds "9"]
[EventCountry "ISR"]
[SourceTitle "CBM 218 Extra"]
[Source "ChessBase"]
[SourceDate "2024.03.31"]
[SourceVersion "1"]
[SourceVersionDate "2024.03.31"]
[SourceQuality "1"]

1. e4 c5 2. b3 Nc6 3. Bb2 d6 4. Bb5 Nf6 5. Nc3 Bd7 6. d3 e6 7. Nge2 g6 8. 0-0 Bg7 9. h3 0-0 10. f4 Rc8 11. Bxc6 Bxc6 12. Rb1 Nd7 13. f5 exf5 14. exf5 d5 15. Bc1 Re8 16. Qd2 Nf6 17. Ng3 d4 18. Nce2 Nd5 19. fxg6 hxg6 20. Ne4 Ne3 21. Qe1 Nxf1 22. Bg5 f6 23. Qh4 Bxe4 24. dxe4 fxg5 25. Qg4 Ne3 0-1